Complex variables and applications (Record no. 3507)

000 -LEADER
fixed length control field 00586nam a22002297a 4500
001 - CONTROL NUMBER
control field 3507
003 - CONTROL NUMBER IDENTIFIER
control field BD-DhUET
008 - FIXED-LENGTH DATA ELEMENTS--GENERAL INFORMATION
fixed length control field 141101b xxu||||| |||| 00| 0 eng d
020 ## - INTERNATIONAL STANDARD BOOK NUMBER
International Standard Book Number 0070108552
040 ## - CATALOGING SOURCE
Transcribing agency 0
Modifying agency BD-DhUET
082 ## - DEWEY DECIMAL CLASSIFICATION NUMBER
Classification number 517.8
Item number CHU/1974
100 ## - MAIN ENTRY--PERSONAL NAME
Personal name Churchill, Ruel V.
245 ## - TITLE STATEMENT
Title Complex variables and applications
250 ## - EDITION STATEMENT
Edition statement 3rd ed.
260 ## - PUBLICATION, DISTRIBUTION, ETC. (IMPRINT)
Place of publication, distribution, etc. New York
Name of publisher, distributor, etc. McGraw-Hill
Date of publication, distribution, etc. 1974
300 ## - PHYSICAL DESCRIPTION
Extent x, 332 p.
Other physical details ill.
Dimensions 23 cm.
504 ## - BIBLIOGRAPHY, ETC. NOTE
Bibliography, etc Includes bibliographies
650 #0 - SUBJECT ADDED ENTRY--TOPICAL TERM
Topical term or geographic name as entry element Complex variables
700 ## - ADDED ENTRY--PERSONAL NAME
Personal name Brown, James W.
700 ## - ADDED ENTRY--PERSONAL NAME
Personal name Verhey, Roger F.
942 ## - ADDED ENTRY ELEMENTS (KOHA)
Koha item type General Book
Holdings
Damaged status Koha item type Lost status Koha normalized classification for sorting Koha date last borrowed Withdrawn status Not for loan Koha renewals Date acquired Location (home branch) Piece designation (barcode) Source of classification or shelving scheme Copy number Price effective from Shelving location Koha full call number Koha date last seen Sublocation or collection (holding branch)
 General Book 517_800000000000000_CHU_1974    2014-11-01Central Library, BUET39411 12014-11-01Circulation section517.8/CHU/19742014-11-01Central Library, BUET
 General Book 517_800000000000000_CHU_1974    2014-11-01Central Library, BUET43301 22014-11-01Circulation section517.8/CHU/19742014-11-01Central Library, BUET
 General Book 517_800000000000000_CHU_1974    2014-11-01Central Library, BUET45109 32014-11-01Circulation section517.8/CHU/19742014-11-01Central Library, BUET
 General Book 517_800000000000000_CHU_1974    2014-11-01Central Library, BUET52889 42014-11-01Circulation section517.8/CHU/19742016-05-18Central Library, BUET
 General Book 517_800000000000000_CHU_1974    2014-11-17Central Library, BUET37655 52014-11-17Circulation section517.8/CHU/19742016-04-02Central Library, BUET
 General Book 517_800000000000000_CHU_1974   22014-11-17Central Library, BUET58032 62014-11-17Circulation section517.8/CHU/19742016-08-30Central Library, BUET
 General Book 517_800000000000000_CHU_19740000-00-00   2015-05-03Central Library, BUET52887 72015-05-03Circulation section517.8/CHU/19742015-05-03Central Library, BUET
 General Book 517_800000000000000_CHU_1974    2015-05-03Central Library, BUET37654 82015-05-03Circulation section517.8/CHU/19742015-05-03Central Library, BUET
 General Book 517_800000000000000_CHU_1974    2015-05-04Central Library, BUET39412 92015-05-04Circulation section517.8/CHU/19742015-05-04Central Library, BUET
 General Book 517_800000000000000_CHU_1974    2015-05-20Central Library, BUET58033 102015-05-20Circulation section517.8/CHU/19742015-05-20Central Library, BUET
 Reading Item 517_800000000000000_CHU_1974    2015-06-13Central Library, BUET24535 112015-06-13Reading section517.8/CHU/19742015-06-13Central Library, BUET
 General Book 517_800000000000000_CHU_1974    2015-07-13Central Library, BUET43304 122015-07-13Circulation section517.8/CHU/19742015-07-13Central Library, BUET